Laughing at gravity : conversations with Isaac Newton /

Bibliographic Details
Main Author: Socolow, Elizabeth
Format: Book
Language:English
Published: Boston : Beacon Press, [1988]
Series:Barnard new women poets series.
Subjects:

MARC

Tag First Indicator Second Indicator Subfields
LEADER 00000cam a22000008a 4500
001 in00000031046
005 20151007054936.0
008 870903s1988 mau 00010 eng
010 |a  87042846  
020 |a 0807068047 
020 |a 0807068055 (pbk.) 
035 |a (OCoLC)16714840 
035 |9 AAB6721AM 
040 |a DLC  |c DLC  |d TXA  |d UtOrBLW 
049 |a TXAM  |c [A11495582] 
050 0 0 |a PS3569.O374  |b L38 1988 
082 0 |a 811/.54  |2 19 
100 1 |a Socolow, Elizabeth. 
245 1 0 |a Laughing at gravity :  |b conversations with Isaac Newton /  |c Elizabeth Socolow ; with an introduction by Marie Ponsot. 
263 |a 8801 
264 1 |a Boston :  |b Beacon Press,  |c [1988] 
264 4 |c ©1988 
300 |a xxi, 142 pages 
336 |a text  |b txt  |2 rdacontent 
337 |a unmediated  |b n  |2 rdamedia 
338 |a volume  |b nc  |2 rdacarrier 
490 1 |a Barnard new women poets series 
600 1 0 |a Newton, Isaac,  |d 1642-1727  |x Poetry. 
830 0 |a Barnard new women poets series. 
999 |a MARS 
999 f f |s 267cc8b7-a8c0-3bc0-bcc7-5f2050c1e797  |i 971ccfd0-878e-3a46-bbd3-5d65d90ab882  |t 0 
952 f f |p ric  |a Texas A&M University  |b Rellis Campus  |c Joint Library Facility  |d Remote Storage  |t 0  |e PS3569.O374 L38 1988  |h Library of Congress classification  |i unmediated -- volume  |m A14811495582 
998 f f |a PS3569.O374 L38 1988  |t 0  |l Remote Storage